000
003460000a22001450004500
060
_a
100
082
_a
582.130 12 LAW
100
_a
Lawrence, George H M
245
_a
Taxonomy of vascular plants
260
_a
New York, Mac Millan Company
260
_c
1951
300
_a
823
650
_a
Plant taxonomy/ Plant nomenclature
942
_c
BK
999
_c
358631
_d
358631